Najdłuższe ulice Białegostoku - Statystyki

Ogólne statystyki
  • Ten quiz został rozwiązany 89 razy
  • Średni wynik to 4 z 10
Statystyki odpowiedzi
# Długość Ulica % Poprawnych
2 5,8 km Adama Mickiewicza
71%
1 9 km Konstantego Ciołkowskiego
71%
3 4,4 km Jana Pawła 2
58%
8 3 km Hetmańska
35%
7 3,2 km Jerzego Popiełuszki
32%
9 2,9 km Produkcyjna
28%
5 3,7 km Aleja Niepodległości
22%
6 3,7 km Gen. Stanisława Maczka
19%
4 4,3 km 42 Pułku Piechoty
16%
10 2,9 km Gen. Nikodema Sulika
7%
Nie znaleziono quizów pasujących do podanych kryteriów
Rozkład punktacji
Procent ludzi z każdym wynikiem
Percentyl według liczby udzielonych odpowiedzi
Twoja historia wyników
Nie rozwiązałeś tego quizu